Linux+ certification study guide / (Record no. 62504)

MARC details
000 -LEADER
fixed length control field 00520nam a22001817a 4500
005 - DATE AND TIME OF LATEST TRANSACTION
control field 20200118165745.0
010 ## - LCCN (DPL NO)
LC control number B-107584
020 ## - INTERNATIONAL STANDARD BOOK NUMBER
International Standard Book Number 0070528969
Terms of availability 00.00
035 ## - SYSTEM CONTROL NUMBER
System control number B-107583
035 ## - SYSTEM CONTROL NUMBER
System control number B-107584
037 ## - SOURCE OF ACQUISITION
Stock number DPL
Source of stock number/acquisition ENG
100 ## - MAIN ENTRY--PERSONAL NAME
Personal name Bird, Drew
245 ## - TITLE STATEMENT
Title Linux+ certification study guide /
Statement of responsibility, etc by Drew Bird and Mike Harwood
260 ## - PUBLICATION, DISTRIBUTION, ETC. (IMPRINT)
Place of publication, distribution, etc New Delhi
Name of publisher, distributor, etc Tata McGraw-Hill Publishing
Date of publication, distribution, etc 2002
300 ## - PHYSICAL DESCRIPTION
Extent xliv, 684p.
Dimensions 22 cms.
700 ## - ADDED ENTRY--PERSONAL NAME
Personal name Harwood, Mike
9 (RLIN) 41520
942 ## - ADDED ENTRY ELEMENTS (KOHA)
Source of classification or shelving scheme Dewey Decimal Classification
Item type English Books
Classification part 005.43
Call number suffix BIR
Holdings
Withdrawn status Lost status Not for loan Collection code Home library Current library Date acquired Cost, normal purchase price Full call number Barcode Cost, replacement price Koha item type Source of acquisition
        R.K.Puram-8 R.K.Puram-8 18/01/2020 0.00 005.43 BIR B-107584 0.00 English Books bppd/purchase
      Non-fiction Sarojini Nagar Sarojini Nagar 10/02/2012 0.00 005.43 BIR B-107583 0.00 English Books  

© Delhi Public Library
Hit Counter
free hit counter